000 00737nam a2200265Ia 4500
003 OSt
005 20220925212440.0
006 a|||||r|||| 00| 0
007 ta
008 220923b |||||||| |||| 00| 0 eng d
020 _a0044970374
037 _cGeneral Book
040 _aRTL
_cRTL
_beng
041 _2eng
_aeng
082 _aY:1, M7
100 _aNamenwirth J Zvi
_9276815
245 0 _aDynamics of culture
260 _aLondon
_bAllen & Unwin
_c1987
300 _aix,293p
_ccm.
500 _aBibliography: P 265-280
650 _aCulture and Civilisation
700 _a Weber Robert Philip
_9239273
942 _hY:1, M7
_cGB
_2CC
999 _c560381
_d560381